| 000 | 00884cam a22002174a 4500 | ||
|---|---|---|---|
| 020 | _a041530265X | ||
| 040 | _cDLC | ||
| 082 | 0 | 0 | _a910 TAY 2003 A103 Or. |
| 245 | 1 | 0 |
_aDeveloping spatial data infrastructures : _bfrom concept to reality / |
| 260 |
_aLondon ; _aNew York : _bTaylor & Francis, _c2003. |
||
| 300 |
_axxviii, 316 p. : _bill. ; _c24 cm. |
||
| 500 | _aPapers from the International Symposium on Spatial Data Infrastructures, held at the University of Melbourne, Nov. 19-20, 2001. | ||
| 650 | 0 | _aGeographic information systems | |
| 700 | 1 | _aWilliamson, I. P. | |
| 700 | 1 | _aRajabifard, Abbas. | |
| 700 | 1 | _aFeeney, Mary-Ellen F. | |
| 856 | 4 | 1 | _uhttp://www.loc.gov/catdir/toc/ecip042/2003008315.html |
| 856 | 4 | 2 | _uhttp://www.loc.gov/catdir/enhancements/fy0646/2003008315-d.html |
| 856 | 4 | 2 | _uhttp://www.loc.gov/catdir/enhancements/fy1006/2003008315-b.html |
| 942 | _cEK | ||
| 999 |
_c13937 _d13937 |
||